000 00721nam a2200229 a 4500
999 _c12497
_d12497
001 12497
003 BD-JhCC
005 20220313113812.0
008 220313b2021 bg a|||| ||a| 000 0 ben d
020 _a9789849527756
035 _a(BD-JhCC)12497
040 _aBD-JhCC
_dBD-JhCC
041 _aBengali, English
082 _a891.4415
_bRAH 2021
100 _aরহমান,তৈয়েবুর
245 _aদহন,দ্রোহ ও দর্শন /
_cতৈয়েবুর রহমান।
260 _aঢাকা :
_bপেন্সিল পাবলিকেশনস;
_c২০২১.
300 _a355 p. :
_bill;
_c22 cm.
650 _aCollection of poem
942 _2ddc
_cBK